| 000 | 01395nam a2200397 c 4500 | ||
|---|---|---|---|
| 001 | 19136 | ||
| 003 | ES-MaCES | ||
| 005 | 20160321143140.0 | ||
| 008 | 060727s2006 sp t 000 | spa d | ||
| 017 |
_aV 1999-2006 _bDL |
||
| 020 | _a8484566188 (Tirant lo Blanch) | ||
| 020 | _a8437064996 (Universitat de València) | ||
| 035 | _aCES20060009762m | ||
| 040 |
_aES-MaCES _bspa _cES-MaCES |
||
| 100 | 1 |
_aLópez Gandía, Juan _916894 |
|
| 245 | 1 | 4 |
_aLas cooperativas de trabajo asociado y la aplicación del Derecho del trabajo _cJuan López Gandía |
| 260 |
_aValencia _bTirant lo Blanch _bUniversitat de València _c2006 |
||
| 300 |
_a604 p. _c22 cm |
||
| 490 | 1 |
_aPropuestas _vt'. Monografía |
|
| 504 | _aBibliografía: p. 517-540 | ||
| 541 | _cCompra | ||
| 650 | 4 |
_acooperativa de trabajadores _929851 |
|
| 650 | 4 |
_alegislación cooperativa _930375 |
|
| 650 | 4 |
_aderecho del trabajo _927165 |
|
| 650 | 4 |
_aaplicación _929859 |
|
| 650 | 4 |
_aEspaña _926964 |
|
| 650 | 4 |
_arégimen jurídico _929894 |
|
| 653 | 1 | 0 | _aDerecho del trabajo y Seguridad Social |
| 650 | 4 |
_928369 _arelaciones laborales |
|
| 710 | 2 |
_95337 _aUniversidad de Valencia _eed. |
|
| 830 | 0 |
_aPropuestas (Tirant lo Blanch) _vt' _933226 |
|
| 830 | 0 |
_aPropuestas (Tirant lo Blanch) _pMonografías _933227 |
|
| 902 | _aLIB Libro | ||
| 942 |
_2CES _cBK _h6.0.1. |
||
| 999 |
_c19136 _d19136 |
||